000 00762nma a22002057a 4500
005 20210325190145.0
006 g q ||
008 s2524 th thaeng
041 _athaeng
090 _aMAP4739 IV
245 1 0 _aบ้านไล่โว่ [Map]
260 3 _aกรุงเทพฯ :
_bกรมแผนที่ทหาร,
_c2524
300 _a1 แผ่น (มาตราส่วน 1 :
_b 50,000)Colour
650 0 4 _aกาญจนบุรี -- แผนที่
650 0 4 _aบ้านไล่โว่ (อ.สังขละบุรี) -- กาญจนบุรี -- แผนที่
850 _aNALT
942 _cCD
997 _c000000000024809
_kVC
998 _aBENJALUCK SUTTHIWILAI
999 _c24809
_d24809